000
00397nam a22001217a 4500
003
SGT
082
_a
891.4309
_b
B04S
100
_a
शर्मा, रामावतार
245
_a
ब्रम्हर्षि वंश विस्तर
260
_b
श्री सीतारामआश्रम ट्रस्ट प्रकाशन
_c
2004
300
_a
303
942
_2
ddc
_c
BK
999
_c
29923
_d
29923